Origins of the Partition of India 1936-1947 (Record no. 5130)

MARC details
000 -LEADER
fixed length control field 00584cam a2200205ua 4500
001 - CONTROL NUMBER
control field 5981
005 - DATE AND TIME OF LATEST TRANSACTION
control field 20260515113949.0
008 - FIXED-LENGTH DATA ELEMENTS--GENERAL INFORMATION
fixed length control field 131030n ii |||gr||||Z||||||eng
020 ## - INTERNATIONAL STANDARD BOOK NUMBER
International Standard Book Number 19 561955 2
040 ## - CATALOGING SOURCE
Transcribing agency MAIN
082 ## - DEWEY DECIMAL CLASSIFICATION NUMBER
Classification number 954.035
100 ## - MAIN ENTRY--PERSONAL NAME
Personal name Singh,Anita Inder,
Relator term Author.
245 ## - TITLE STATEMENT
Title Origins of the Partition of India 1936-1947
Statement of responsibility, etc. by Anita Inder Singh
260 ## - PUBLICATION, DISTRIBUTION, ETC.
Place of publication, distribution, etc. Bombay:
Name of publisher, distributor, etc. Oxford University Press,
Date of publication, distribution, etc. 1987.
300 ## - PHYSICAL DESCRIPTION
Extent xv,265p.
653 ## - INDEX TERM--UNCONTROLLED
Uncontrolled term Indian history
653 ## - INDEX TERM--UNCONTROLLED
Uncontrolled term Origins of the Partition of India 1936-1947
653 ## - INDEX TERM--UNCONTROLLED
Uncontrolled term National movement of India
942 ## - ADDED ENTRY ELEMENTS (KOHA)
Koha item type Books
Holdings
Withdrawn status Lost status Damaged status Not for loan Home library Current library Shelving location Date acquired Total checkouts Full call number Barcode Date last seen Copy number Price effective from Koha item type
        Naharkatiya College Library Naharkatiya College Library General stacks 09/19/2020   954.035 | SIN 3785 09/19/2020 1 09/19/2020 Books
        Naharkatiya College Library Naharkatiya College Library General stacks 09/19/2020   954.035 | SIN 3786 09/19/2020 3 09/19/2020 Books
        Naharkatiya College Library Naharkatiya College Library General stacks 09/19/2020   954.035 | SIN 3787 09/19/2020 2 09/19/2020 Books